[Event "Steinfurt Kreisklasse 0607"]
[Site "Germany"]
[Date "2007.03.24"]
[Round "8.1"]
[White "Scheffer, Arne"]
[Black "Adloff, Sven"]
[Result "1/2-1/2"]
[WhiteElo "1460"]
[BlackElo "1382"]
[PlyCount "41"]
[EventDate "2006.09.23"]
[EventType "team-tourn"]
[EventRounds "10"]
[EventCountry "GER"]
[SourceTitle "EXT 2008"]
[Source "ChessBase"]
[SourceDate "2007.11.25"]
[SourceVersion "1"]
[SourceVersionDate "2007.11.25"]
[SourceQuality "1"]
[WhiteTeam "Rheine SG II"]
[BlackTeam "Emsdetten Turm IV"]
[WhiteTeamCountry "GER"]
[BlackTeamCountry "GER"]

1. d4 e6 2. f4 d5 3. Nf3 Nf6 4. e3 c5 5. c3 cxd4 6. exd4 Nc6 7. Bd3 g6 8. 0-0 Ne4 9. Nbd2 f5 10. Ne5 Nxe5 11. fxe5 Ng5 12. Nf3 Nf7 13. Bb5+ Bd7 14. Qa4 a6 15. Bxd7+ Qxd7 16. Qxd7+ Kxd7 17. Ng5 Nd8 18. Nh3 h6 19. Nf4 Rg8 20. a4 a5 21. Be3 1/2-1/2

[Event "Steinfurt Kreisklasse 0607"]
[Site "Germany"]
[Date "2006.11.18"]
[Round "3.1"]
[White "Adloff, Sven"]
[Black "Scheffer, Arne"]
[Result "1/2-1/2"]
[WhiteElo "1382"]
[BlackElo "1460"]
[PlyCount "36"]
[EventDate "2006.09.23"]
[EventType "team-tourn"]
[EventRounds "10"]
[EventCountry "GER"]
[SourceTitle "EXT 2008"]
[Source "ChessBase"]
[SourceDate "2007.11.25"]
[SourceVersion "1"]
[SourceVersionDate "2007.11.25"]
[SourceQuality "1"]
[WhiteTeam "Emsdetten Turm IV"]
[BlackTeam "Rheine SG II"]
[WhiteTeamCountry "GER"]
[BlackTeamCountry "GER"]

1. e4 c6 2. d4 d5 3. e5 Bf5 4. Bd3 Bxd3 5. Qxd3 e6 6. Ne2 Nd7 7. 0-0 Ne7 8. Bg5 Qb6 9. Na3 0-0-0 10. c4 f6 11. exf6 gxf6 12. c5 Qc7 13. Bd2 e5 14. b4 Bg7 15. Nc2 Rdf8 16. Rae1 f5 17. Nf4 Nxc5 18. Qg3 Bh6 1/2-1/2

[Event "Steinfurt Bezirksliga 0506"]
[Site "Germany"]
[Date "2006.02.04"]
[Round "6.8"]
[White "Schneider, Richard2222"]
[Black "Adloff, Sven"]
[Result "1-0"]
[WhiteElo "1557"]
[BlackElo "1334"]
[PlyCount "47"]
[EventDate "2005.09.24"]
[EventType "team-tourn"]
[EventRounds "9"]
[EventCountry "GER"]
[SourceTitle "EXT 2006"]
[Source "ChessBase"]
[SourceDate "2005.11.24"]
[SourceVersion "1"]
[SourceVersionDate "2005.11.24"]
[SourceQuality "1"]
[WhiteTeam "Emsdetten Rochade II"]
[BlackTeam "Emsdetten Turm III"]
[WhiteTeamCountry "GER"]
[BlackTeamCountry "GER"]

1. d4 e6 2. c4 d5 3. e3 Nf6 4. Nf3 c5 5. cxd5 Nxd5 6. dxc5 Bxc5 7. e4 Nb4 8. Qxd8+ Kxd8 9. Na3 f6 10. Bc4 N8c6 11. 0-0 Ke7 12. Bd2 a6 13. Rac1 b5 14. Be2 Bb6 15. Nc2 Nxc2 16. Rxc2 Bb7 17. Rfc1 Rac8 18. Kf1 Kd7 19. Rd1 Nd4 20. Rxc8 Rxc8 21. Nxd4 Bxd4 22. Bc3 e5 23. Bxd4 exd4 24. Bg4+ 1-0

[Event "Muensterland Verbandsklasse-A 0405"]
[Site "Muensterland"]
[Date "2004.11.06"]
[Round "3.7"]
[White "Poggemann, Klaus"]
[Black "Adloff, Sven"]
[Result "0-1"]
[WhiteElo "1377"]
[BlackElo "1324"]
[PlyCount "80"]
[EventDate "2004.09.11"]
[EventType "team"]
[EventRounds "9"]
[EventCountry "GER"]
[SourceTitle "EXT 2006"]
[Source "ChessBase"]
[SourceDate "2005.11.24"]
[SourceVersion "1"]
[SourceVersionDate "2005.11.24"]
[SourceQuality "1"]
[WhiteTeam "Emsdetten"]
[BlackTeam "Emsdetten Turm III"]
[WhiteTeamCountry "GER"]
[BlackTeamCountry "GER"]

1. e4 e6 2. d4 d5 3. Nc3 Bb4 4. a3 Bxc3+ 5. bxc3 Nf6 6. e5 Ne4 7. c4 c5 8. Nf3 Nc6 9. dxc5 Qa5+ 10. Bd2 Qxc5 11. Be3 d4 12. Bxd4 Qa5+ 13. c3 Nxd4 14. Qxd4 Qxc3+ 15. Qxc3 Nxc3 16. Bd3 Na4 17. 0-0 0-0 18. Rfd1 Nc5 19. Bc2 b6 20. Nd4 Bd7 21. Rd2 Rac8 22. Rad1 Rc7 23. f4 Nb7 24. Nf5 Bc6 25. Nd6 Nc5 26. Nb5 Bxb5 27. cxb5 f6 28. Rd6 f5 29. Kf1 Kf7 30. h3 Ke7 31. g4 Nb7 32. g5 Rd8 33. Rxd8 Nxd8 34. Bb3 Rc3 35. Rb1 Rf3+ 36. Kg2 Rxf4 37. Rc1 Rd4 38. Rc7+ Rd7 39. Rc4 Nb7 40. Rc3 Nc5 0-1

[Event "Steinfurt Bezirksklasse 0203"]
[Site "Germany"]
[Date "2002.11.23"]
[Round "3.7"]
[White "Burton, Christopher"]
[Black "Adloff, Sven"]
[Result "1-0"]
[WhiteElo "1233"]
[BlackElo "1246"]
[PlyCount "79"]
[EventDate "2002.09.28"]
[EventType "team-tourn"]
[EventRounds "7"]
[EventCountry "GER"]
[SourceTitle "EXT 2005"]
[Source "ChessBase"]
[SourceDate "2004.11.15"]
[SourceVersion "1"]
[SourceVersionDate "2004.11.15"]
[SourceQuality "1"]
[WhiteTeam "Westerkappeln II"]
[BlackTeam "Emsdetten Turm IV"]
[WhiteTeamCountry "GER"]
[BlackTeamCountry "GER"]

1. e4 e6 2. Nc3 d5 3. Nf3 d4 4. Ne2 c5 5. Ng3 a6 6. d3 Nc6 7. a3 Bd6 8. Nh5 g6 9. Nf4 Nf6 10. Qe2 Ne5 11. g3 Nxf3+ 12. Qxf3 0-0 13. Bd2 e5 14. Nd5 Nxd5 15. exd5 f5 16. 0-0-0 Qe7 17. Re1 e4 18. dxe4 fxe4 19. Qb3 Rxf2 20. Bf4 Bxf4+ 21. gxf4 Rxf4 22. d6+ Be6 23. dxe7 Bxb3 24. cxb3 Re8 25. Bc4+ Kg7 26. Bd5 Rxe7 27. Kd2 b6 28. h4 h6 29. h5 g5 30. Reg1 Re5 31. Bb7 Rf2+ 32. Ke1 e3 33. Bxa6 Rxb2 34. Rf1 Rxb3 35. Bc4 Rb1+ 36. Ke2 Rb2+ 37. Ke1 Rf2 38. Rxf2 exf2+ 39. Kxf2 Re3 40. Re1 1-0

[Event "Steinfurt Bezirksklasse 0203"]
[Site "Germany"]
[Date "2002.11.09"]
[Round "2.6"]
[White "Kreimeyer, Thomas"]
[Black "Adloff, Sven"]
[Result "0-1"]
[WhiteElo "1323"]
[BlackElo "1246"]
[PlyCount "60"]
[EventDate "2002.09.28"]
[EventType "team-tourn"]
[EventRounds "7"]
[EventCountry "GER"]
[SourceTitle "EXT 2005"]
[Source "ChessBase"]
[SourceDate "2004.11.15"]
[SourceVersion "1"]
[SourceVersionDate "2004.11.15"]
[SourceQuality "1"]
[WhiteTeam "Rheine CC"]
[BlackTeam "Emsdetten Turm IV"]
[WhiteTeamCountry "GER"]
[BlackTeamCountry "GER"]

1. d4 d5 2. c4 c6 3. cxd5 cxd5 4. Nc3 Nf6 5. Bg5 e6 6. e3 a6 7. Nf3 Nc6 8. Be2 Be7 9. a3 Nd7 10. Bf4 Nb6 11. Ne5 Nxe5 12. Bxe5 0-0 13. 0-0 Bd6 14. Bxd6 Qxd6 15. Bd3 Nc4 16. Qe2 b5 17. e4 Bb7 18. e5 Qb6 19. Qg4 Nxb2 20. Bc2 Rac8 21. Qh3 h6 22. Rab1 Qxd4 23. Rxb2 Rxc3 24. Qh5 Rxa3 25. Rbb1 Rc8 26. Rfd1 Qc3 27. Rbc1 Qb2 28. Qe2 Ra2 29. Bh7+ Kxh7 30. Qxb2 Rxb2 0-1